Sžiganije gaza v kotlach /

Uložené v:
Podrobná bibliografia
Hlavný autor: Druskin, L. I. (Author)
Médium: Kniha
Jazyk:Russian
Vydané: Moskva : Izdattel´stvo Ministerstva kommunaľ´nogo chozjajstva RSFSR, 1959.
ISBN: (brož.)
Fyzický popis: 160 strán.
Tagy: Pridať tag
Žiadne tagy, Buďte prvý kto otaguje tento záznam!

MARC

LEADER 00000nam a2200000 a 4500
001 000587721
005 20180711175254.0
008 030516s1959 ru e 000 0 rus d
020 |a (brož.)  |c Kčs 5,40 
040 |a SVKKK  |b slo  |c SVKKK  |e AACR2 
041 0 |a rus 
044 |a ru  |c RU 
100 1 |a Druskin, L. I.  |4 aut 
245 1 0 |a Sžiganije gaza v kotlach /  |c L. I. Druskin. 
260 |a Moskva :  |b Izdattel´stvo Ministerstva kommunaľ´nogo chozjajstva RSFSR,  |c 1959. 
300 |a 160 strán. 
910 |a svkkk 
998 |a BK 
090 |g SCKHL  |k Sklad Pribinova 2. posch.  |a III.79692  |j 196767  |i 2720551163  |4 Zastaraná  |s Vyradená